000 00602nam a2200229Ia 4500
003 OSt
005 20220928111338.0
006 a|||||r|||| 00| 0
007 ta
008 220927b |||||||| |||| 00| 0 eng d
024 _a39828
037 _cTextual
040 _aSDCL
_cSDCL
_beng
041 _2eng
_aeng
082 _aO152,1:gx, M4
100 _aMishr Shivshankar
_9423301
245 0 _aJanvaadi kavita ka sandarbh.
260 _aPatna
_bPrakashanam.
_c1984
300 _a74p.
_ccm.
942 _hO152,1:gx, M4
_cTEXL
_2CC
999 _c739823
_d739823